000 00811pam a2200265 i 4500
999 _c9289
_d9289
001 9289
003 BD-JhCC
005 20180312172514.0
008 780613r1978 ctu b 000 0 eng
020 _a0313205973
035 _a(BD-JhCC)9289
040 _aDLC
_cDLC
_dDLC
_dBD-JhCC
041 _aeng
050 1 0 _aJC423
_b.C23 1978
082 0 0 _a321.8
_bCAH 1978
100 1 _aCahn, Edmond Nathaniel,
_d1906-1964.
245 1 4 _aThe predicament of democratic man /
_cEdmond Cahn.
260 _aWestport, Conn. :
_bGreenwood Press,
_c1978, c1961.
300 _a215 p. ;
_c23 cm.
500 _aReprint of the ed. published by Vakils, Feffer, and Simons, Bombay, in series: Perspective series.
504 _aIncludes bibliographical references.
650 0 _aDemocracy.
942 _2ddc
_cBK